000 00631nam a2200241Ia 4500
003 OSt
005 20220918215727.0
006 a|||||r|||| 00| 0
007 ta
008 220917b |||||||| |||| 00| 0 eng d
024 _a142,330
037 _cTextual
040 _aARTS
_cARTS
_beng
041 _2eng
_aeng
082 _aY111.41.N6, K2
100 _aWylie Margaret
_9134946
245 0 _aChildren of China
260 _aHongkong
_bDragonfly Books
_c1962
300 _a129p. illus
_ccm.
650 _aSOCIOLOGY
942 _hY111.41.N6, K2
_cTEXL
_2CC
999 _c265289
_d265289